| 000 | 00556nam a2200205Ia 4500 | ||
|---|---|---|---|
| 003 | GCL | ||
| 008 | 140319s9999 xx 000 0 ara d | ||
| 040 |
_aGCL / _cGCL |
||
| 082 | 0 | 4 |
_a347.01 _bا ا |
| 100 | 1 | _aاحمد مليجى | |
| 245 | 1 | 0 |
_aاعمال القضاة / _cاحمد مليجى |
| 260 |
_a[S.N] : _bدار النهضة العربية ، _c1993 |
||
| 300 | _a180 ص | ||
| 490 | _a | ||
| 650 | 0 | 4 | _aالقانون |
| 650 | 0 | 4 | _aقانون المرافعات |
| 650 | 0 | 4 | _aالمحاماة |
| 650 | 0 | 4 | _aالقضاة |
| 942 |
_2ddc _cBK |
||
| 999 |
_c28402 _d28402 |
||